000 00595nam a22001937a 4500
999 _c197392
_d197392
005 20230822162907.0
010 _aUR-12159
020 _a9789394616769
_c250.00
035 _aU-10714
037 _bDBAD/PUB
082 _aک
100 _dاستھا نوی ، شکیل
245 _aذکر حیات /
_cشکیل استھا نوی
246 _aZikre Hayat /
_bby Shakil Asthanwi
260 _aNew Delhi
_bEducational Publishing House
_c2022 ء
270 _aH.O. D1/16, Ansari Road, Darya Ganj
_bNew Delhi
_e110002
300 _a188 ص
_c23cm(Hb)
942 _2ddc
_cUR
_mا س ت
_e
_hک